Графики для расчета устойчивости земляных откосов, частично насыщенных покоящейся водой (с кратким пояснением теории расчета устойчивости земляных откосов, основанной на использовании "модели отвердевшего отсека обрушения"

Bibliographic Details
Main Author: Чугаев Р. Р. Роман Романович
Corporate Author: Всесоюзный научно-исследовательский институт гидротехники
Language:Russian
Published: Москва, Энергия, 1965
Subjects:
Format: Book
KOHA link:https://koha.lib.tpu.ru/cgi-bin/koha/opac-detail.pl?biblionumber=374420

MARC

LEADER 00000nam0a2200000 4500
001 374420
005 20231101051133.0
035 |a (RuTPU)RU\TPU\retro\31854 
035 |a RU\TPU\book\207114 
090 |a 374420 
100 |a 20221219d1965 km y0rusy50 ca 
101 0 |a rus 
102 |a RU 
105 |a a z 001zy 
200 1 |a Графики для расчета устойчивости земляных откосов, частично насыщенных покоящейся водой (с кратким пояснением теории расчета устойчивости земляных откосов, основанной на использовании "модели отвердевшего отсека обрушения"  |f Р. Р. Чугаев 
210 |a Москва  |c Энергия  |d 1965  |a Ленинград 
215 |a 48 с.  |c ил. 
320 |a Библиогр.: с. 47. 
610 1 |a строительная механика 
610 1 |a гидротехническое строительство 
610 1 |a земельные откосы 
610 1 |a графики 
610 1 |a устойчивость 
610 1 |a обрушение 
610 1 |a графики 
675 |a 624.137  |v 3 
675 |a 627.4  |v 3 
700 1 |a Чугаев  |b Р. Р.  |g Роман Романович 
712 0 2 |a Всесоюзный научно-исследовательский институт гидротехники  |2 stltpush  |3 (RuTPU)RU\TPU\col\11485 
801 1 |a RU  |b 63413507  |c 20110118 
801 2 |a RU  |b 63413507  |c 20221219  |g RCR 
942 |c BK